| 000 | 02016cam a2200577 a 4500 | ||
|---|---|---|---|
| 001 | 22282 | ||
| 003 | VRT | ||
| 005 | 20260325092013.0 | ||
| 008 | 160610s2014 xr a b 000 j slo | ||
| 015 | _aSNBZSA2015 | ||
| 020 | _a9788025222492 (viaz.) | ||
| 035 | _a6B0EFA17-1B48-4CC9-A8F8-2B04D1E1A7F4 | ||
| 035 | _aurn:nbn:sk:snk-amkzjq | ||
| 035 | _aurn:nbn:sk:snk-am008oyx | ||
| 039 | 9 |
_a201606101504 _bVLOAD _c201604291510 _dVLOAD _c201604271823 _dVLOAD _c201510071143 _dmsnk36 |
|
| 040 |
_aVTHK _bslo _cVTHK _dSNK _eAACR2 |
||
| 041 | 1 |
_aslo _heng |
|
| 044 |
_axr _cCZ |
||
| 072 | 7 |
_a821-93 _xLiteratúra pre deti a mládež (beletria) _2konspekt |
|
| 072 | 7 |
_a821.111(73) _xAmerická literatúra _2konspekt |
|
| 080 |
_a821.111(73)-34 _22001 |
||
| 080 |
_a(0:82-32) _22001 |
||
| 080 |
_a(0.053.2) _22001 |
||
| 080 |
_a821-93 _22001 |
||
| 110 | 2 | _aDisney Enterprises | |
| 245 | 1 | 0 |
_aCililing _cDisney Enterprises |
| 246 | 3 | 8 | _aRozprávkové čítanie |
| 260 |
_aV Prahe _bEgmont ČR _c2012 |
||
| 300 |
_a96 s. _bfareb. ilustr. _c29 cm |
||
| 490 | 1 | _aRozprávkové čítanie | |
| 490 | 1 | _aDisney. Víly | |
| 500 | _aNázov z obalu | ||
| 500 | _aDokument obsahuje 3 diela | ||
| 655 | 7 |
_aamerické rozprávky _2SNKPH |
|
| 655 | 7 |
_aAmerican fairy tales _2SNKPHeng |
|
| 655 | 7 |
_apríbehy _2SNKPH |
|
| 655 | 7 |
_aStories _2SNKPHeng |
|
| 655 | 7 |
_apublikácie pre deti _2SNKPH |
|
| 655 | 7 |
_aChildren’s literature _2SNKPHeng |
|
| 710 | 2 | 2 |
_aDisney Enterprises _tTinker Bell and the Great Fairy Rescue _lSlovensky |
| 710 | 2 | 2 |
_aDisney Enterprises _tTanker Bell and the Secret of the Wings _lSlovensky |
| 740 | 0 | 2 | _aNarodenie víly |
| 740 | 0 | 2 | _aTajomstvo krídiel |
| 740 | 0 | 2 | _aVeľká záchranná výprava |
| 752 |
_aČesko _dPraha |
||
| 830 | 0 | _aRozprávkové čítanie | |
| 830 | 0 |
_aDisney _pVíly |
|
| 942 |
_2ddc _cKLDE _n0 |
||
| 949 |
_617A1141814 _asnkSB 88088 _bsnk2015/9542 _oPemic14-ah/32Int. č. fa – 14/2015 _s6100:20151006 |
||
| 999 |
_c22282 _d22282 |
||